Dimitris Kalafatis

Texas A&M A


Categories

Beliefs1310407291.0014
Science - Physics05204088105.4025
Science - Biology1320353198.7524
Science - Chemistry1220254567.6733
Ancient History and Archaeology020120127132.5012
Chemistry>02012090109.5012
Other Science: Astronomy0201207695.0012
Other Science: Computer Science020020100108.5022
Fine Arts - Visual Fine Arts010110137137.0001
Other Science: Math010010124124.0001
Literature - British Literature010010110110.0011
Literature - European Literature0100109090.0011
History - American History0010-50.0000

Buzzes

Science - Biologypregnancy1531
Science - Chemistrychirality1545
Science - Chemistryelimination1056
Science - Biologyleukemia-557
Science - Biologyturtle shell-572
BeliefsCupid AND Psyche1072
History - American HistoryGeorgia-574
Other Science: Astronomyblue1076
BeliefsCú Chulainn1581
Science - Physicsphonons1088